000 00950nam a22002537a 4500
999 _c64579
_d64579
005 20240530110739.0
008 180910s2006 le g b 000 0 ara d
017 _a2006/2/295
_bالمملكة الاردنية الهاشمية . دائرة المكتبة الوطنية
020 _a9957462091
040 _aEG-CaGPL
_cEG-CaGPL
082 0 4 _221
_a214 /
_bع ح
100 0 _aعبدالله ابو عزة
245 1 0 _aحوار الاسلام والغرب /
_cتاليف عبدالله ابو عزة
250 _aط.1
260 _aعمان :
_bدار المامون،
_c2006.
300 _a301 ص. ؛
_c24 سم.
504 _aيشتمل على ارجاعات ببليوجرافية
650 0 7 _2qrmak
_aالثقافة الاسلامية
650 0 7 _2qrmak
_aالاسلام والمجتمع
650 0 7 _2qrmak
_aالاداب الاسلامية
651 _2qrmak
942 _2ddc
_cBK